Espacio y recuerdo: archipiélago de memorias en Santiago de Chile
Uloženo v:
| Hlavní autoři: | , |
|---|---|
| Médium: | Kniha |
| Jazyk: | španělština |
| Vydáno: |
Santiago
Ocho Libros
2012
|
| Vydání: | 1a. ed |
| Témata: | |
| Tagy: |
Přidat tag
Žádné tagy, Buďte první, kdo vytvoří štítek k tomuto záznamu!
|
MARC
| LEADER | 00000cam a2200000 a 4500 | ||
|---|---|---|---|
| 001 | UCE1827 | ||
| 003 | CL-VaPUC | ||
| 008 | 140519e20120000cl |||||||||||||||||spa|d | ||
| 020 | |a 9789563351477 | ||
| 082 | 0 | 4 | |a 709.83 |b PIP |2 21 |
| 100 | 0 | |a Piper Shafir, Isabel |e author |9 574223 | |
| 700 | 0 | |a Hevia Jordan, Evelyn |e author |9 574224 | |
| 245 | 1 | 0 | |a Espacio y recuerdo: archipiélago de memorias en Santiago de Chile |
| 250 | |a 1a. ed | ||
| 300 | |a 133 p | ||
| 942 | |c BK | ||
| 945 | |d 20140519 10:12:00 |a dcastane | ||
| 260 | |a Santiago |b Ocho Libros |c 2012 | ||
| 650 | 0 | |a Fotografías |9 268494 | |
| 650 | 0 | |a Memoria |9 266549 | |
| 650 | 0 | |a Historia de Chile |9 265473 | |
| 583 | |a last modification |c 20140519 10:12:00 |k Rodrigo Vera | ||
| 999 | |c 355511 |d 355509 | ||
| 952 | |0 0 |1 0 |3 erb |4 0 |6 709_830000000000000_PIP_2012 |7 0 |8 A |9 462268 |a BIBHIS |b BIBHIS |i 5074932 |o 709.83 PIP 2012 |p 5074932 |r 2025-01-20 |w 2019-11-23 |y BK |z Catalogado en:20140519 |k HIS | ||